[Event "Recife Cacoal op"]
[Site "Recife"]
[Date "2024.06.01"]
[Round "2"]
[White "De Oliveira, Gabriel Alves"]
[Black "Cesar, Emanuel"]
[Result "0-1"]
[WhiteElo "1705"]
[BlackElo "1729"]
[PlyCount "144"]
[EventDate "2024.05.31"]
[EventType "swiss"]
[EventRounds "6"]
[EventCountry "BRA"]
[SourceTitle "CB24_2024"]
[SourceDate "2024.06.12"]
[SourceVersion "1"]
[SourceVersionDate "2024.06.12"]
[SourceQuality "1"]

1. d4 d5 2. Bf4 Bf5 3. Nf3 c6 4. e3 Nf6 5. Bd3 Ne4 6. Nbd2 e6 7. 0-0 Bd6 8. Nxe4 dxe4 9. Bxd6 Qxd6 10. Nh4 exd3 11. Nxf5 exf5 12. Qxd3 Qd7 13. Rfe1 0-0 14. e4 fxe4 15. Rxe4 Na6 16. Rh4 h6 17. Re1 Rfe8 18. Rhe4 Nb4 19. Qc4 a5 20. c3 Nd5 21. Qe2 Rxe4 22. Qxe4 Nf6 23. Qf3 Re8 24. Rd1 Qe6 25. Kf1 Ng4 26. Qd3 Nxh2+ 27. Kg1 Ng4 28. g3 Qxa2 29. Qf5 Nf6 30. Rd2 Qa1+ 31. Kg2 Qe1 32. Rc2 Qe4+ 33. Qxe4 Rxe4 34. Kf3 Re8 35. b3 Nd5 36. Ra2 b6 37. c4 Nb4 38. Ra1 Nc2 39. Rd1 Rd8 40. d5 c5 41. d6 Nd4+ 42. Ke4 Rxd6 43. Ke5 Re6+ 44. Kd5 Nxb3 45. f4 g5 46. fxg5 hxg5 47. g4 Kg7 48. Rh1 Rh6 49. Re1 Nd4 50. Re5 f6 51. Re7+ Kg6 52. Rb7 a4 53. Ra7 Rh4 54. Rxa4 Rxg4 55. Ra6 Nb3 56. Rxb6 Rd4+ 57. Ke6 Rxc4 58. Rxb3 f5 59. Rb8 Re4+ 60. Kd5 c4 61. Rg8+ Kh5 62. Rh8+ Kg4 63. Rh1 Kf4 64. Rf1+ Kg4 65. Rg1+ Kh5 66. Rf1 Rf4 67. Rh1+ Kg6 68. Rc1 g4 69. Rc3 Kg5 70. Rc1 g3 71. Rg1 Kg4 72. Ke5 Rf2 0-1